Georg Flegel : [Monografie s ukázkami z díla] /

Hlavní autor: Seifertová, Hana, 1934-
Další autoři: Flegel, Georg, 1566-1638
Jazyk: Čeština
Vydáno: Praha : Odeon, 1992
Vydání: 1. vyd.
Edice: Malá galerie (Odeon)
Témata:
Fyzický popis: 107 s. : reprodukce (některé barev.) ; 21 cm
Knihy
Uloženo v:
LEADER 01143nam a2200337 a 4500
001 000552232
003 CZ BrMZK
005 20080111131627.0
007 ta
008 920518s1992 xr a f 000 m cze d
015 |a cnb000067031 
020 |a 80-207-0265-2  |q (Váz.) 
035 |a (OCoLC)26608194 
040 |a BOA001  |b cze 
080 |a 75(437.1)"16":92 Flegel  |2 MRF 
100 1 |a Seifertová, Hana,  |d 1934-  |7 jn20000710515  |4 aut 
245 1 0 |a Georg Flegel :  |b [Monografie s ukázkami z díla] /  |c Hana Seifertová ; typografie Oldřich Hlavsa 
250 |a 1. vyd. 
260 |a Praha :  |b Odeon,  |c 1992 
300 |a 107 s. :  |b reprodukce (některé barev.) ;  |c 21 cm 
490 1 |a Malá galerie ;  |v sv. 47 
500 |a Frontispis 
500 |a Odkazy na lit. 
500 |a Pozn. 
500 |a Přehl. lit. 
700 1 |a Flegel, Georg,  |d 1566-1638  |7 jn19990002313  |4 ill 
830 0 |a Malá galerie (Odeon)  |0 s 
910 |a BOA001  |b 2-0975.038 
964 |a Flegel, Georg (malíř něm., 1566-1638) - život a dílo - monografie 
990 |a BK 
996 6 |b 2619709895  |c 2-0975.038  |l MZK  |r Sklad / do 1 hodiny  |n 5  |w 000552232  |u 000010  |a 1  |e BOA001  |j MZK50  |s P